<?xml version="1.0" encoding="UTF-8"?>
<record
    xmlns:xsi="http://www.w3.org/2001/XMLSchema-instance"
    xsi:schemaLocation="http://www.loc.gov/MARC21/slim http://www.loc.gov/standards/marcxml/schema/MARC21slim.xsd"
    xmlns="http://www.loc.gov/MARC21/slim">

  <leader>01602nam a2200289   4500</leader>
  <controlfield tag="001">440</controlfield>
  <controlfield tag="003">OSt</controlfield>
  <controlfield tag="005">20250630135430.0</controlfield>
  <controlfield tag="008">250630b        |||||||e |||| 00| f eng d</controlfield>
  <datafield tag="020" ind1=" " ind2=" ">
    <subfield code="a">8501025976</subfield>
  </datafield>
  <datafield tag="040" ind1=" " ind2=" ">
    <subfield code="b">por</subfield>
  </datafield>
  <datafield tag="041" ind1=" " ind2=" ">
    <subfield code="h">por</subfield>
  </datafield>
  <datafield tag="082" ind1=" " ind2=" ">
    <subfield code="a">B869.91</subfield>
    <subfield code="b">A554r</subfield>
  </datafield>
  <datafield tag="100" ind1="1" ind2=" ">
    <subfield code="a">Andrade, Carlos Drummond de,</subfield>
    <subfield code="d">1902-1987</subfield>
    <subfield code="9">968</subfield>
  </datafield>
  <datafield tag="245" ind1=" " ind2=" ">
    <subfield code="a">A rosa do povo / </subfield>
    <subfield code="c">&#x200B;Andrade, Carlos Drummond de</subfield>
  </datafield>
  <datafield tag="250" ind1=" " ind2=" ">
    <subfield code="a">14 ed.</subfield>
  </datafield>
  <datafield tag="260" ind1=" " ind2=" ">
    <subfield code="a">Rio de Janeiro</subfield>
    <subfield code="b">Record</subfield>
    <subfield code="c">1994</subfield>
  </datafield>
  <datafield tag="300" ind1=" " ind2=" ">
    <subfield code="a">216 p.</subfield>
  </datafield>
  <datafield tag="520" ind1=" " ind2=" ">
    <subfield code="a">"Uma poesia marcada pelo momento hist&#xF3;rico." &#xC9; assim que o cr&#xED;tico Ant&#xF4;nio Houaiss qualifica a poesia de Carlos Drummond de Andrade reunida em A Rosa do Povo, livro escrito durante a II Guerra Mundial, publicado em 1945 e jamais reeditado isoladamente. Se a sua repercuss&#xE3;o na &#xE9;poca foi imensa, quase quarenta anos depois podemos dizer que ele n&#xE3;o perdeu o vigor da emo&#xE7;&#xE3;o po&#xE9;tica e a atualidade nervosa. Saindo de novo a p&#xFA;blico, A Rosa do Povo prop&#xF5;e o mesmo debate inesgot&#xE1;vel sobre a situa&#xE7;&#xE3;o do artista no mundo e sua posi&#xE7;&#xE3;o em face dos problemas pol&#xED;ticos e sociais do seu tempo. Drummond tomou posi&#xE7;&#xE3;o e manteve-se fiel a seu ide&#xE1;rio, embora reconhecendo a fal&#xE1;cia de ilus&#xF5;es que se misturavam a perenes interesses de justi&#xE7;a, liberdade e paz. Ao lado disso, o livro &#xE9; de intenso lirismo existencial.
</subfield>
  </datafield>
  <datafield tag="650" ind1=" " ind2="0">
    <subfield code="a">Literatura Brasileira</subfield>
    <subfield code="9">205</subfield>
  </datafield>
  <datafield tag="650" ind1=" " ind2="0">
    <subfield code="a">Segunda Guerra Mundial na literatura</subfield>
    <subfield code="9">970</subfield>
  </datafield>
  <datafield tag="650" ind1=" " ind2="0">
    <subfield code="a">Poesias </subfield>
    <subfield code="9">488</subfield>
  </datafield>
  <datafield tag="650" ind1=" " ind2="0">
    <subfield code="a">Carlos Drummond de Andrade</subfield>
    <subfield code="9">969</subfield>
  </datafield>
  <datafield tag="655" ind1=" " ind2="0">
    <subfield code="a">Poesia</subfield>
    <subfield code="9">490</subfield>
  </datafield>
  <datafield tag="655" ind1=" " ind2="0">
    <subfield code="a">N&#xE3;o Fic&#xE7;&#xE3;o</subfield>
    <subfield code="9">102</subfield>
  </datafield>
  <datafield tag="942" ind1=" " ind2=" ">
    <subfield code="2">ddc</subfield>
    <subfield code="n">0</subfield>
    <subfield code="c">BK</subfield>
  </datafield>
  <datafield tag="952" ind1=" " ind2=" ">
    <subfield code="0">0</subfield>
    <subfield code="1">0</subfield>
    <subfield code="2">ddc</subfield>
    <subfield code="4">0</subfield>
    <subfield code="7">0</subfield>
    <subfield code="8">NFIC</subfield>
    <subfield code="a">BIBIB</subfield>
    <subfield code="b">BIBIB</subfield>
    <subfield code="c">POE</subfield>
    <subfield code="d">2025-06-30</subfield>
    <subfield code="e">doa&#xE7;&#xE3;o</subfield>
    <subfield code="l">0</subfield>
    <subfield code="o">B869.91 / A554r</subfield>
    <subfield code="p">2025-17371</subfield>
    <subfield code="r">2025-06-30 13:53:21</subfield>
    <subfield code="w">2025-06-30</subfield>
    <subfield code="y">BK</subfield>
  </datafield>
  <datafield tag="999" ind1=" " ind2=" ">
    <subfield code="c">440</subfield>
    <subfield code="d">440</subfield>
  </datafield>
</record>
